000 00351 a2200133 4500
005 20250619100835.0
020 _a9788120340169
082 _a658.7 RAI
100 _aRAI, U.
245 _aExport-Import and Logistics Management
260 _aDelhi,
_bPHI.
_c2012.
300 _axvii,318p.; ill.; figure, table
_bIndex & Reference
_c23cm
942 _2ddc
_cBKS
999 _c4397
_d4397